000 00471nam a2200181Ia 4500
003 OSt
005 20260120092816.0
008 210210b1955 xxu||||| |||| 00| 0 eng d
040 _cAL
041 _aKannada
082 _a859/180
100 _aANANDA
_9155007
_d ಆನಂದ.
245 _aShilpi sankula:
_bಶಿಲ್ಪಿ ಸಂಕುಲ
260 _aMaisuru
_bSharada Mandira
_c1955
690 _aKannada Fiction
_9155008
906 _a020958
942 _2ddc
_cBK
999 _c145119
_d145119